MDQL
is popping MORE tags! Check the
thread
!
Quizzes
Events
Quiz Creation
Community
Videos
Private Events
Remove Ads
Sign In
Join for FREE
Feedback
Dark Mode
Quiz Categories
Sports
Geography
Music
Movies
Television
Just For Fun
Miscellaneous
History
Literature
Language
Science
Gaming
Entertainment
Religion
Holiday
For Kids
Quiz Lab
Recent
Popular Today
Quiz Kudos Today
Editor Picks
Curator Picks
Quizzes by...
Day
Popularity
Type
Ratings
Length
Year
Community
Subscriptions
Recent Discussions
Orange Saloon
Badges
Playlists
Quests
Create
Leaderboards
Showdown
Live 5
Trivia Bingo
Activity
Puzzle Library
Sporcle Events
Private Events
Virtual Trivia
Globe League
Become a Host
Pub Owners
SporcleCon
Opinionation
Our Games
Videos
Blog
Mobile Apps
Partnerships
Remove Ads and Go Orange
Feedback
Music
Pop Music
The Beatles
Song
Album
Lyrics
Bands
Singers
Artist
Clip
Rock
Rap
Classical
Billboard
Country Music
Kpop
Taylor Swift
Music
Pop Music
The Beatles
Song
Album
Lyrics
Bands
Singers
Artist
Clip
Rock
Rap
Classical
Billboard
Country Music
Kpop
Taylor Swift
Random Quiz
Search Sporcle
×
Quiz Lab
Quiz Lab
Music
Type in answers that appear in a list
Type in answers that appear in a list
Classic
Best Score? Go Orange.
Furr Lyrics Blitzen Trapper Stats
Can you name the Furr Lyrics Blitzen Trapper?
By
MB3
15m
300 Questions
29 Plays
29 Plays
29 Plays
Comments
Comments
Give Quiz Kudos
Give Quiz Kudos
-
- Ratings
hide this ad
Replay
Link that replays current quiz
Next Quiz
Link to next quiz in quiz playlist
You Got
0%
They Got
Avg Score
84%
Avg Friend Score
Upgrade to see
Score Distribution
Jump to the score distribution portion of the page
Score
0/300
Timer
15:00
0
Plays Today
Answer
% Correct
I
100%
was
100%
I
100%
the
100%
I
100%
the
100%
I
100%
the
100%
the
100%
The
100%
I
100%
was
100%
the
100%
the
100%
the
100%
I
100%
the
100%
the
100%
on
100%
on
100%
On
100%
the
100%
I
100%
I
100%
was
100%
the
100%
was
100%
the
100%
I
100%
I
100%
the
100%
I
100%
the
100%
the
100%
I
100%
the
100%
I
100%
I
100%
I
100%
when
96.6%
only
96.6%
17
96.6%
my
96.6%
to
96.6%
of
96.6%
to
96.6%
my
96.6%
To
96.6%
my
96.6%
to
96.6%
my
96.6%
to
96.6%
to
96.6%
of
96.6%
When
96.6%
of
96.6%
to
96.6%
of
96.6%
my
96.6%
my
96.6%
my
96.6%
to
96.6%
To
96.6%
do
96.6%
of
96.6%
Yeah
93.1%
hear
93.1%
So
93.1%
and
93.1%
turned
93.1%
be
93.1%
howling
93.1%
a
93.1%
dog
93.1%
a
93.1%
be
93.1%
And
93.1%
in
93.1%
and
93.1%
So
93.1%
and
93.1%
yeah
93.1%
We
93.1%
Howling
93.1%
and
93.1%
And
93.1%
turned
93.1%
yeah
93.1%
And
93.1%
turned
93.1%
and
93.1%
be
93.1%
a
93.1%
a
93.1%
So
93.1%
be
93.1%
turned
93.1%
a
93.1%
a
93.1%
a
93.1%
Answer
% Correct
So
93.1%
and
93.1%
And
93.1%
go
93.1%
So
93.1%
We
93.1%
a
93.1%
And
93.1%
And
93.1%
turned
93.1%
And
93.1%
in
93.1%
a
93.1%
could
89.7%
whispering
89.7%
heard
89.7%
mother
89.7%
fog
89.7%
out
89.7%
wolf
89.7%
down
89.7%
fur
89.7%
God
89.7%
You
89.7%
fur
89.7%
you
89.7%
God
89.7%
heard
89.7%
mother
89.7%
You
89.7%
down
89.7%
you
89.7%
fur
89.7%
angels
86.2%
shouting
86.2%
through
86.2%
shivers
86.2%
back
86.2%
they
86.2%
for
86.2%
For
86.2%
they
86.2%
girl
86.2%
for
86.2%
angels
86.2%
shouting
86.2%
through
86.2%
girl
86.2%
about
82.8%
It
82.8%
Or
82.8%
exact
82.8%
sound
82.8%
pack
82.8%
before
82.8%
long
82.8%
from
82.8%
at
82.8%
lost
82.8%
right
82.8%
from
82.8%
wrong
82.8%
had
82.8%
were
82.8%
can
82.8%
your
82.8%
your
82.8%
skin
82.8%
see
82.8%
about
82.8%
at
82.8%
skin
82.8%
into
79.3%
aimlessly
79.3%
sent
79.3%
But
79.3%
drawn
79.3%
into
79.3%
me
79.3%
our
79.3%
taste
79.3%
obedience
79.3%
wear
79.3%
Like
79.3%
But
79.3%
sure
79.3%
like
79.3%
youre
79.3%
what
79.3%
tree
79.3%
color
79.3%
pearl
79.3%
aimlessly
79.3%
But
79.3%
like
79.3%
me
79.3%
should
79.3%
knees
79.3%
her
79.3%
our
79.3%
Answer
% Correct
as
79.3%
as
79.3%
But
79.3%
join
75.9%
sing
75.9%
their
75.9%
song
75.9%
fill
75.9%
dawn
75.9%
judging
75.9%
flesh
75.9%
surely
75.9%
river
75.9%
fire
75.9%
If
75.9%
liar
75.9%
rattlesnake
75.9%
babe
75.9%
fire
75.9%
if
75.9%
Dont
75.9%
afraid
75.9%
youve
75.9%
day
75.9%
that
75.9%
23
75.9%
With
75.9%
Wandered
75.9%
she
75.9%
She
75.9%
just
75.9%
trees
75.9%
have
75.9%
seen
75.9%
that
75.9%
shaky
75.9%
that
75.9%
not
75.9%
know
75.9%
till
72.4%
allowed
72.4%
gladly
72.4%
thoughts
72.4%
Im
72.4%
Im
72.4%
fuel
72.4%
didnt
72.4%
looked
72.4%
then
72.4%
by
72.4%
farm
72.4%
children
72.4%
has
72.4%
Ive
72.4%
been
72.4%
world
72.4%
still
72.4%
cliffs
69%
would
69%
get
69%
shrilly
69%
better
69%
makin
69%
gonna
69%
get
69%
learned
69%
up
69%
suddenly
69%
seem
69%
listenin
69%
brushed
69%
leaves
69%
snout
69%
took
69%
arm
69%
settled
69%
upon
69%
raised
69%
up
69%
Gently
69%
confess
69%
Wondered
65.5%
hill
65.5%
endlessly
65.5%
Instinct
65.5%
made
65.5%
curled
65.5%
underneath
65.5%
dogwood
65.5%
off
65.5%
pleased
65.5%
now
65.5%
quickly
65.5%
ushered
65.5%
dream
65.5%
running
65.5%
stood
62.1%
highest
58.6%
droned
51.7%
words
48.3%
Quiz Playlist
Details
Report
Send in Message
Add To Playlist
Classic:
Type in answers that appear in a list
Last Updated: Feb 16, 2017
Quiz Scoreboard
CHALLENGE
Sign Up to Join the Scoreboard
Show All
Scores
Hide
Comments
May contain spoilers
Recently Published
Two Season TV Shows II
by 123Four
Television
10m
Image Sorting: Flags VI
by Barbecue
Geography
2m
Find the 'City' Movie
by crazypaving
Movies
60s
More to Explore
Quiz From the Vault
Featured Blog Post
14 Easter Pick-up Lines to Find Eggs With
hide this ad
You Might Also Like...
Tags
This quiz does not have any tags.
Today's Top Quizzes in Music
Browse Music
hide this ad
Top Contributed Quizzes in Music
1
5X2 Blitz: Bands II
2
5X2 Blitz: The Beatles
3
Taylor Swift All Songs (2024)
4
5X2 Blitz: Billboard
5
5X2 Blitz: Billboard II
6
5X2 Blitz: Album
7
5X2 Blitz: Rock
8
5X2 Blitz: Singers
9
Music Artist by Three 2010s hits
10
5X2 Blitz: Lyrics
Explore More
Trending Topics
Crossword
Disney
Marvel
Kpop
Anime
Harry Potter
NBA
WWE
Country
NFL
Song
The Office
Soccer
Puzzle
Pokémon
hide this ad
More By:
MB3
Quiz
Plays
Rating
Category
Featured
Created
Furr Lyrics Blitzen Trapper
29
1.00
Music
Feb 2, 2017
Black River Killer Lyrics Blitzen Trapper
6
1.00
Music
Feb 3, 2017
Marianne Lyrics Mipso
3
Music
Feb 3, 2017
Just Fine by G Love Lyrics
0
Music
Feb 17, 2017
Go to Creator's Profile
Score Distribution
Quiz Creator Spotlight
MB3
Follow
Send a Message
Quizzes Created
-
Created Quiz Play Count
-
More By This Creator
Popular Quizzes Today
1
Colored Red Africa Blitz
2
Find the US States - No Outlines Minefield
3
Find the 'City' Movie
4
5x2 Blitz: Bands
5
The Countries of the World
6
Find the US States
7
Find the Countries of Europe - No Outlines Minefield
8
US States
More Music Quizzes
Unique Words in Coldplay Songs
Quiz Lab
Trending Quizzes
Colored Red Europe Blitz I
Colored Red Africa Blitz II
Colored Red Europe Blitz II
Colored Red Africa Blitz III
Colored Red Europe Blitz III
Recently Updated
How Do You Spell That?
pecheneg
Godzilla Movies
pecheneg
Grab Bag: 4-10 Letters
pecheneg
2024 March Madness Bracket
pecheneg
Famous TV Couples
Peacemaker
Champions League XIs: Real Madrid
pecheneg
Largest US Cities 1790-2010
pecheneg
Rides in Walt Disney World
pecheneg
Most Oscar Losses (Acting)
pecheneg
Beyoncé Albums
pecheneg
Trending Topics
NBA
Anime
Marvel
Crossword
Disney
Kpop
Harry Potter
WWE
Pokémon
The Office
Song
Puzzle
Soccer
Country
NFL
Your Account Isn't Verified!
In order to create a playlist on Sporcle, you need to verify the email address you used during registration. Go to your
Sporcle Settings
to finish the process.
Report this User
Report this user for behavior that violates our
Community Guidelines
.
Details:
Send Report
Go to the Sporcle.com Mobile Site →
Comments